| 000 | 00480nam a2200145Ia 4500 | ||
|---|---|---|---|
| 008 | 170224s9999 xx 000 0 und d | ||
| 100 | _aEmma N. Banister | ||
| 245 | _aBecoming respectable: low-income young mothers, consumption and the pursuit of value | ||
| 245 | _cEmma N. Banister, Margaret K. Hogg, Kirsty Budds & Mandy Dixon | ||
| 260 | _bJournal of Marketing Management | ||
| 260 | _c2016 | ||
| 300 | _a32:7-8,Pages: 652-672 | ||
| 500 | _aJune | ||
| 650 | _xMarketing. | ||
| 999 |
_c315931 _d315931 |
||